LIBRARY & INFORMATION CENTRE, KCAET, TAVANUR

ONLINE PUBLIC ACCESS CATALOGUE (OPAC)

Zoogeography: The geographical distribution of animals / (Record no. 9272)

MARC details
000 -LEADER
fixed length control field 00409cam a2200145ua 4500
041 ## - LANGUAGE CODE
Language code of text/sound track or separate title eng
082 ## - DEWEY DECIMAL CLASSIFICATION NUMBER
Classification number 591.5
Item number DAR/ZO
100 ## - MAIN ENTRY--AUTHOR NAME
Personal name Darlington, Philip J .
245 ## - TITLE STATEMENT
Title Zoogeography: The geographical distribution of animals /
260 ## - PUBLICATION, DISTRIBUTION, ETC. (IMPRINT)
Place of publication London :
Name of publisher Harward University Press ,
Year of publication 1963.
300 ## - PHYSICAL DESCRIPTION
Number of Pages 675 ; .
942 ## - ADDED ENTRY ELEMENTS (KOHA)
Koha item type Books
Holdings
Withdrawn status Lost status Damaged status Home library Current library Date acquired Full call number Accession Number Koha item type
      KAUAET KAUAET 07/04/2012 591.5 DAR/ZO 5949 Books
free website counter